00848nam a2200241Ia 450000100060000000300090000600800410001504000130005604000130006904100130008210000310009510000290012624500300015524501010018525000110028626000110029726000230030826000490033130000560038050000960043665000430053265000310057593434IT-RoPAU130308s9999 xx 000 0 und d aIT-RoPAU cIT-RoPAU aSPAGNOLO aEsposito Rosario Francesco gCodice Aut. SPICS: 6898 aDe cara al mercer Milenio bComunicaciones Fe Y Cultura-Jornadas nacionales de pastoral de los medios de comunicacion Social a1a ed. aMADRID bEdiciones Paulinas c1984 [1° Ed.:1984 - Ed.Ling.Originale:1984] a"22 p. (prefazione: no ; testo: 22 [pagine: 7-28])" aSvolta della Storia Alle Soglie del terzo millennio ironia umorismo Realismo Parlare di Dio aCONVEGNI/MANIFESTAZIONI PASTORALE D.CS eCodice materia Spics: 9315